¡Hola!, que me lleva la hola : rimas, juegos y versos /

Guardado en:
Autor Principal: Andricain, Sergio
Otros Autores: Londaño, Ana María; il.
Formato: Libro
Publicado: Buenos Aires : Santillana, 2015
Materias:
Etiquetas: Agregar Etiqueta
Sin Etiquetas, Sea el primero en etiquetar este registro!
LEADER 00909nam a22002655a 4500
001 CEM.cems015105
008 130507s2015##################000#0#####d
005 20250602160252.0
245 1 0 |a ¡Hola!, que me lleva la hola :  |b rimas, juegos y versos /  |c Seleccionado Por Sergio Andricain ; ilustrado Por Ana María Londaño. 
260 |a Buenos Aires :  |b Santillana,  |c 2015 
300 |a 88 p. 
020 |a 9789504641896 
100 1 |a Andricain, Sergio 
700 1 |a Londaño, Ana María; il. 
082 0 4 |a Cu868.4 
653 |a Literatura 
653 |a Literatura cubana 
653 |a Literatura infantil 
653 |a Cuentos infantiles 
653 |a Rimas 
653 |a Juegos 
653 |a Poesía 
653 |a Colección ciencias de la educación 
859 |a CEMS  |b BIB. CEMS - Inicial y Primaria  |h Cu868.4  |i An28-2  |k IP  |p 5867  |t Ej.1 
859 |a CEMS  |b BIB. CEMS - Ccias. Educacion  |h Cu868.4  |i An28  |k CE  |p 28018.19  |t Ej.1